|
|
|
|
| LEADER |
00949nam a2200241 a 4500 |
| 001 |
011361872 |
| 008 |
091112s1998 enka 001 0 eng d |
| 010 |
|
|
|a 98037838
|
| 020 |
|
|
|a 0761992847 (US-hb)
|
| 020 |
|
|
|a 817036745X (India)
|
| 040 |
|
|
|a DLC
|c DLC
|d UK
|d BD-DhAAL
|
| 082 |
0 |
4 |
|a 338.04091724
|2 21
|
| 245 |
1 |
0 |
|a Entrepreneurship and innovation :
|b models for development /
|c edited by Rabindra N. Kanungo.
|
| 260 |
|
|
|a New Delhi ;
|a London :
|b Sage,
|c 1998
|
| 300 |
|
|
|a 366p. :
|b ill. ;
|c 23 cm.
|
| 504 |
|
|
|a Includes bibliographical references and index.
|
| 541 |
1 |
|
|e 00008466
|
| 650 |
|
0 |
|a Entrepreneurship
|
| 650 |
|
0 |
|a Entrepreneurship
|z Developing countries.
|
| 700 |
1 |
|
|a Kanungo, Rabindra N.
|q (Rabindra Nath)
|
| 852 |
4 |
|
|a Ayesha Abed Library
|j General Shelf
|
| 999 |
|
|
|c 10750
|d 10750
|
| 952 |
|
|
|0 0
|1 0
|4 0
|6 338_040917240000000_ENT
|7 0
|9 16168
|a BRACUL
|b BRACUL
|c GEN
|d 2011-04-21
|l 0
|o 338.04091724 ENT
|p 3010008466
|r 2011-04-21
|t 1
|w 2011-04-21
|y BK
|x Available
|